Taylor Swift - Who's Afraid of Little Old Me? (Lyrics) - Statistics

General Stats
  • This quiz has been taken 194 times
  • The average score is 358 of 419
Answer Stats
Answer % Correct
a
100%
who"
100%
The
99%
the
99%
"Who's
99%
Who's
99%
who's
99%
afraid
98%
little
98%
me
98%
me?"
98%
me?
98%
me,
98%
of
98%
old
98%
I
97%
You
97%
you
97%
that?"
96%
that
96%
That
96%
to
96%
as
95%
do
95%
don't
94%
Don't
94%
all
93%
an
93%
be
93%
be,
93%
scream
93%
should
93%
and
92%
And
92%
get
92%
was
92%
about
91%
So
91%
tell
91%
we
91%
If
89%
if
89%
Is
89%
is
89%
is?
89%
feel
88%
just
88%
made
88%
my
88%
sad
88%
At
87%
like
87%
your
87%
hear
86%
life
86%
said
86%
said?
86%
bad
85%
But
85%
but
85%
down
85%
her
85%
in
85%
out
85%
party
85%
teeth
85%
circus
84%
Crash
84%
for
84%
it
84%
not
84%
street
84%
took
84%
what
84%
worry
84%
record
83%
they
83%
levitate
82%
mean
82%
tame,
82%
folks,
81%
folks
81%
from
81%
attack
80%
did?
80%
gallows
80%
on
80%
scratch
79%
Then
79%
then
79%
where
79%
dead
78%
wanted
78%
gentle
77%
leap
77%
more
77%
should've
77%
Well
77%
wouldn't
77%
didn't
76%
hurt
76%
last
76%
raised
75%
this
75%
alive
74%
asylum
74%
can
74%
has
74%
say
74%
everything
73%
I'm
73%
one
73%
'till
73%
hour
72%
into
72%
makes
72%
could
71%
Nothing
71%
that's
71%
until
71%
how
69%
had
67%
laugh
67%
poised
67%
step
67%
sue
67%
with
67%
Let's
66%
why
66%
'Cause
65%
'cause
65%
cry
65%
kids
65%
show
65%
still
65%
joke
64%
I'll
63%
songs
63%
wanna
63%
wonder
63%
always
62%
Put
62%
you're
62%
along
61%
disturbed
61%
good
61%
hands
61%
narcotics
61%
broke?
60%
house
60%
lawn
60%
their
60%
wrong
60%
bare
59%
drunk
59%
singing
59%
name
58%
own
58%
snarl
58%
keep
57%
tears,
57%
cage
56%
cobwebs
56%
isn't
56%
bullet
55%
paved
55%
fearsome,
54%
paths
54%
am
53%
contained
53%
scandal
53%
costs,
52%
sneak
51%
wretched
51%
crazy
47%
called
45%
grazed
45%
trained
40%
lured
39%
taught
35%
No matching quizzes found
Score Distribution
Percent of People with Each Score
Percentile by Number Answered
Your Score History
You have not taken this quiz